000
002410000a22000970004500
100
1
_a
Ranney, Stephen L.
245
1
0
_a
Water buffalo : The farmer's gentle partner
300
_a
Núm 4 (1984), Páginas 32-34
773
0
_t
Together
942
_c
ANA
999
_c
57031
_d
57031